UBT Library

Taylor's handbook of clinical nursing skills / (Record no. 44964)

000 -LEADER
fixed length control field 00755cam a22002774a 4500
001 - CONTROL NUMBER
control field 16370654
005 - DATE AND TIME OF LATEST TRANSACTION
control field 20180314045821.0
008 - FIXED-LENGTH DATA ELEMENTS--GENERAL INFORMATION
fixed length control field 100729s2011 paua fb 000 0 eng
010 ## - LIBRARY OF CONGRESS CONTROL NUMBER
LC control number 2010032323
020 ## - INTERNATIONAL STANDARD BOOK NUMBER
International Standard Book Number 9781582557359
020 ## - INTERNATIONAL STANDARD BOOK NUMBER
International Standard Book Number 1582557357
035 ## - SYSTEM CONTROL NUMBER
System control number (DNLM)101537032
040 ## - CATALOGING SOURCE
Original cataloging agency DNLM/DLC
Transcribing agency DLC
Modifying agency DLC
041 ## - LANGUAGE CODE
Language code of text/sound track or separate title eng
042 ## - AUTHENTICATION CODE
Authentication code pcc
060 10 - NATIONAL LIBRARY OF MEDICINE CALL NUMBER
Classification number WY 49
080 ## - UNIVERSAL DECIMAL CLASSIFICATION NUMBER
Universal Decimal Classification number 610.73 LYN
082 00 - DEWEY DECIMAL CLASSIFICATION NUMBER
Classification number 610.73 LYN
Edition number 22
100 1# - Rafti
Rafti 1
101 ## - Shkurtesa
Shkurtesa INF
245 10 - TITLE STATEMENT
Title Taylor's handbook of clinical nursing skills /
Statement of responsibility, etc Pamela Lynn.
246 13 - VARYING FORM OF TITLE
Title proper/short title Handbook of clinical nursing skills
906 ## - LOCAL DATA ELEMENT F, LDF (RLIN)
a 7
b cbc
c orignew
d 1
e ecip
f 20
g y-gencatlg
942 ## - ADDED ENTRY ELEMENTS (KOHA)
Source of classification or shelving scheme
Item type Books
Holdings
Withdrawn status Lost status Source of classification or shelving scheme Damaged status Not for loan Collection code Permanent location Current location Shelving location Date acquired Total Checkouts Full call number Barcode Date last seen Price effective from Koha item type
          Koleksioni i përgjithshem UBT - Lipjan UBT - Lipjan Koleksioni i përgjithshem 03/14/2018   610.73 LYN 002-3001772 03/14/2018 03/14/2018 Books
UBT Library © 2015-2024. All rights reserved University Education for Business and Technology